Statistics for Countries and Territories of Asia in 1900

Click here to take the quiz!

General Stats

  • This quiz has been taken 425 times
  • The average score is 24 of 37

Answers on the Map

Answers color-coded by a green-red scale on the quiz's map according to % correct below.
 

Answer Stats

Country% Correct
British Raj
98%
Qing Empire
98%
Russian Empire
98%
Japanese Empire
97%
Korea
97%
Nepal
97%
Persia
96%
Siam
96%
Afghanistan
95%
Bhutan
95%
Ceylon
95%
Dutch East Indies
95%
Malaya
94%
Philippines
93%
Ottoman Empire
92%
Muscat and Oman
90%
Sheikhdom of Kuwait
83%
Brunei
81%
French Indochina
79%
British Cyprus
76%
Portuguese Timor
68%
Hong Kong
58%
Macau
51%
Aceh
50%
Singapore
50%
Aden
47%
Goa
40%
Tientsin
36%
Sarawak
35%
North Borneo
33%
Ha'il
30%
Bahrain
25%
Maldives
17%
Puducherry
17%
Champasak
12%
Kouang-Tchéou-Wan
4%
Jiaozhou Bay
3%

Score Distribution

Percentile by Number Answered

Percent of People with Each Score

Your Score History

You have not taken this quiz